000 00496nam a2200145 4500
999 _c10529
_d10529
008 180904b ||||| |||| 00| 0 eng d
022 _a16565649
082 _aDPer 303.405 H22 June -Sept 2016 v.12 n. 7-10
100 _930887
_aAlcantara, Patrick
245 _aTCL cityline C1:
_bhome run/
_cPatrick Alcantara.
260 _aQuezon City:
_bHardware Zone Phils. Corp.,
_c©June -Sept 2016.
300 _av12 n8, page 52:
_billustrations;
_c28 cm.
650 0 _930889
_aTelevision.
942 _2ddc
_cPER